000 00736nam a22002057a 4500
999 _c18969
_d18969
003 AR-CdUCM
008 190516b ||||| |||| 00| 0 spa d
040 _aMUNICIPALIDAD PROVINCIAL DEL CUSCO
_cBIBLIOTECA MUNICIPAL DEL CUSCO
082 _a654 /
_bIN52
110 _aSENATI
_939933
245 _aInformación tecnológica :
_bproyección de vistas /
300 _a70 paginas ;
_bIlustraciones,
_c30 cm.
505 _aContenido Proyección isometrica -- Proyección diametrica -- Proyección ortogonal -- Perspectiva isometrica...
650 _afiguras isometricas
_939934
650 _aDiametria
_939935
650 _aProporciones y sus ejes
_939936
650 _aRadios
_939937
942 _2ddc
_cLIBROS
945 _awnts
_d2019-05-16